| 000 -LEADER |
| fixed length control field |
00517nam a2200157 a 4500 |
| 008 - FIXED-LENGTH DATA ELEMENTS--GENERAL INFORMATION |
| fixed length control field |
940722s1953 pauac 000 0 eng d |
| 100 ## - MAIN ENTRY--AUTHOR'S NAME |
| Author's Name |
National Philatelic Museum |
| 245 00 - TITLE STATEMENT |
| Title |
Philosophy of collecting. |
| 260 ## - PUBLICATION, DISTRIBUTION, ETC. (IMPRINT) |
| Place of publication, distribution, etc. |
Philadelphia, Pa. : |
| Name of publisher, distributor, etc. |
National Philatelic Museum, |
| Date of publication, distribution, etc. |
[1953?] |
| 490 0# - SERIES STATEMENT |
| Series statement |
National Philatelic Museum ; |
| Volume/sequential designation |
v. 5, no. 1 |
| 500 ## - GENERAL NOTE |
| General note |
Cover title. |
| 500 ## - GENERAL NOTE |
| General note |
Errata inserted. |
| 650 #0 - TOPICAL TERM (Tag) |
| Topical term or geographic name |
Stamp collecting |
| Geographic subdivision |
United States |
| 650 #0 - TOPICAL TERM (Tag) |
| Topical term or geographic name |
Stamp collectors |
| Geographic subdivision |
United States. |